[Event "Helsinki HSK op"]
[Site "Helsinki"]
[Date "1996.??.??"]
[Round "3"]
[White "Kiik, Kalle"]
[Black "Penttinen, Jarkko"]
[Result "1-0"]
[WhiteElo "2385"]
[BlackElo "2265"]

1.e4 c5 2.c3 Nf6 3.e5 Nd5 4.d4 cxd4 5.Nf3 Nc6 6.cxd4 d6 7.Bc4 Nb6 8.Bb5 dxe5
9.Nxe5 Bd7 10.Nc3 Nxe5 11.dxe5 Bxb5 12.Nxb5 Qxd1+ 13.Kxd1 Nd5 14.Ke2 a6 15.Rd1 O-O-O
16.Nd4 e6 17.Bg5 Rd7 18.Rac1+ Rc7 19.h4 h6 20.Bd2 Be7 21.h5 Rxc1 22.Bxc1 Kd7
23.Nc2 Kc7 24.g3 Rd8 25.Rd3 Rd7 26.Bd2 Kd8 27.Ba5+ Ke8 28.Rd4 b6 29.Bd2 Rc7
30.Ne3 Nxe3 31.Bxe3 b5 32.Rd1 Rc2+ 33.Rd2 Rc8 34.Kd3 Bf8 35.Ke4 Rc4+ 36.Kd3 Rc8
37.Re2 Rc7 38.g4 g6 39.b3 Rc6 40.Ke4 a5 41.Re1 a4 42.Kd3 Bg7 43.bxa4 bxa4
44.Bd4 Ke7 45.Rb1 Rc7 46.Rb4 gxh5 47.gxh5 f6 48.Rxa4 fxe5 49.Ra7 Kd6 50.Rxc7 Kxc7
51.Be3 Kb7 52.Ke4 Kc6 53.a4 Kb7 54.Bc5 Ka6 55.Bb4 Kb6 56.f3 Kc6 57.Bc3 Kc5
58.Bxe5 Bf8 59.Bc3 Kc4 60.Bd2 Bg7 61.a5 Kb5 62.f4 Bb2 63.f5 exf5+ 64.Kxf5 Bg7
65.Kg6 Bf8 66.Kf7 Ba3 67.Kg7 Bb2+ 68.Kxh6 Ka6 69.Kg6 Kb5 70.h6 Bd4 71.h7 Bb2
72.Bg5  1-0

[Event "Helsinki We G"]
[Site "Helsinki"]
[Date "1996.??.??"]
[Round "3"]
[White "Kiik, Kalle"]
[Black "Veingold, Aleksandr"]
[Result "1/2-1/2"]
[WhiteElo "2385"]
[BlackElo "2425"]

1.e4 c5 2.c3 Nf6 3.e5 Nd5 4.d4 cxd4 5.Nf3 d6 6.Qxd4 e6 7.exd6 Nc6 8.Bb5 Qxd6
9.Na3 a6 10.Nc4 Qc7 11.Bxc6+ bxc6 12.O-O f6  1/2-1/2

[Event "NLD-chT9697"]
[Site "Holland"]
[Date "1996.??.??"]
[Round "?"]
[White "Klarenbeek, Mark"]
[Black "Van Wely, Loek"]
[Result "0-1"]
[WhiteElo "2375"]
[BlackElo "2570"]

1.e4 c5 2.c3 Nf6 3.e5 Nd5 4.Nf3 e6 5.Bc4 Nb6 6.Bb3 c4 7.Bc2 d6 8.d4 cxd3
9.Qxd3 Nc6 10.exd6 Qxd6 11.O-O Qxd3 12.Bxd3 f6 13.a4 a6 14.a5 Nd7 15.Nd4 Nc5
16.Bc2 Be7 17.Nxc6 bxc6 18.Na3 e5 19.b4 Ne6 20.Nc4 Bb7 21.Rd1 Rd8 22.Be3 c5
23.Rxd8+ Kxd8 24.Rd1+ Kc7 25.Bf5 Rd8 26.Rxd8 Nxd8 27.Bxh7 cxb4 28.Bb6+ Kd7
29.Bf5+ Ne6 30.cxb4 Bxb4 31.Nb2 Be7 32.Nd3 Bc8 33.Bc5 Bd6 34.Bxd6 Kxd6 35.Nb4 Bb7
36.Bd3 Nc7 37.f3 Kc5 38.Nxa6+ Nxa6 39.Bf5 Kb4 40.Kf2 Kxa5 41.h4 Kb4 42.Ke3 Nc7
43.Be4 Nd5+ 44.Kf2 Kc5 45.g4 Bc8 46.h5 Kd4 47.Kg3 Nc3 48.Bc6 Ke3 49.Kh4 Ne2
50.g5 Nd4 51.gxf6 gxf6 52.h6 Bf5 53.Kg3 Nxc6  0-1

[Event "NLD-chT9697"]
[Site "Holland"]
[Date "1996.??.??"]
[Round "?"]
[White "Lemmers, Oscar"]
[Black "Van der Poel, Henk"]
[Result "0-1"]
[WhiteElo "2360"]
[BlackElo "2320"]

1.e4 c5 2.c3 Nf6 3.e5 Nd5 4.d4 cxd4 5.Nf3 e6 6.cxd4 b6 7.Bd3 Ba6 8.Bxa6 Nxa6
9.Nc3 Nac7 10.Ne4 Be7 11.Nfg5 h6 12.Qh5 O-O 13.Nf3 f5 14.exf6 Bb4+ 15.Bd2 Bxd2+
16.Nfxd2 Nxf6 17.Qe2 Ncd5 18.O-O Rc8 19.Rac1 Nf4 20.Qf3 Nxe4 21.Rxc8 Qxc8
22.Qxe4 Qa6 23.a3 Qe2 24.Qe3 Qb5 25.b4 Qg5 26.g3 Nh3+ 27.Kg2 Rxf2+ 28.Qxf2 Nxf2
29.Rxf2 Qe3  0-1

[Event "HUN-chT1 9596"]
[Site "HUN"]
[Date "1996.??.??"]
[Round "7"]
[White "Rovid, Kalman"]
[Black "Cosma, Ioan"]
[Result "0-1"]
[WhiteElo "2385"]
[BlackElo "2440"]

1.e4 c5 2.c3 Nf6 3.e5 Nd5 4.d4 cxd4 5.cxd4 d6 6.Bc4 e6 7.Nf3 Nb6 8.Bd3 Bd7
9.Bg5 Be7 10.Bxe7 Qxe7 11.Nc3 Bc6 12.O-O N8d7 13.Nb5 Bxb5 14.Bxb5 O-O 15.Rc1 Nd5
16.Qd2 Rfd8 17.a3 dxe5 18.dxe5 Nf8 19.Qc2 Ng6 20.g3 Qf8 21.Qe4 Rac8 22.Bd3 Rxc1
23.Rxc1 Qe7 24.h4 h6 25.h5 Nf8 26.Rc4 Rd7 27.Qe2 Qd8 28.Bc2 Qb6 29.Rg4 Kh8
30.Ba4 Rc7 31.Bb5 Rc5 32.Bd3 Qc7 33.Nd4 Ne7 34.Nf3 Nd5 35.Kh2 a5 36.Nd2 Nb6
37.Nf3 Nbd7 38.Re4 Kg8 39.b4 Rc3 40.Rc4 Rxc4 41.Bxc4 Nb6 42.Bd3 axb4 43.axb4 Nd5
44.b5 Qc5 45.Kg2 Nc3 46.Qd2 b6 47.Qb2 Nd7 48.Qa1 Kf8 49.Qa8+ Ke7 50.Qc6 Qxc6
51.bxc6 Nc5 52.Bc2 b5 53.Nd4 Kd8 54.f4 b4 55.Kf3 Nd5 56.g4 Nc7 57.f5 Ke7
58.Bb3 exf5 59.gxf5 f6 60.e6 Nxb3 61.Nxb3 Kd6 62.Nd4 Ke5 63.Ke3 b3 64.Nxb3 Kxf5
65.Nd4+ Ke5 66.e7 Nd5+ 67.Kf3 Nxe7 68.c7 Kxd4  0-1

[Event "HUN-chT2 9596"]
[Site "HUN"]
[Date "1996.??.??"]
[Round "10"]
[White "Gosztola, Istvan"]
[Black "Deak, Sandor"]
[Result "0-1"]
[WhiteElo "2285"]
[BlackElo "2325"]

1.e4 c5 2.c3 Nf6 3.e5 Nd5 4.d4 cxd4 5.Nf3 Nc6 6.Bc4 Nb6 7.Bb3 d5 8.cxd4 Bg4
9.Be3 e6 10.O-O Be7 11.h3 Bh5 12.Nc3 O-O 13.g4 Bg6 14.Ne2 Na5 15.Nf4 Nxb3
16.Qxb3 Qd7 17.Nd2 Rfc8 18.Rfc1 Rxc1+ 19.Rxc1 Rc8 20.Rc3 Rxc3 21.bxc3 Qc6
22.Nxg6 hxg6 23.Nf3 Na4 24.Bd2 b5 25.Ne1 Kf8 26.Nc2 Ke8 27.Na3 a6 28.Nb1 Kd7
29.Bc1 Qc4 30.Kg2 Qe2 31.Be3 Nb2 32.Nd2 Nd1 33.Nf1 Bh4 34.Qa3 Nxe3+ 35.Nxe3 Qxf2+
36.Kh1 Qe1+ 37.Kg2 Qg3+ 38.Kh1 Qxh3+  0-1

[Event "HUN-chT1 9596"]
[Site "HUN"]
[Date "1996.??.??"]
[Round "11"]
[White "Peredy, Ferenc"]
[Black "Zila, Laszlo"]
[Result "0-1"]
[WhiteElo "2230"]
[BlackElo "2195"]

1.e4 c5 2.c3 Nf6 3.e5 Nd5 4.d4 cxd4 5.Nf3 e6 6.cxd4 b6 7.Nc3 Nxc3 8.bxc3 Qc7
9.Bd2 Bb7 10.Bd3 d6 11.O-O Nd7 12.Re1 Be7 13.Rc1 dxe5 14.dxe5 O-O 15.Ng5 Bxg5
16.Bxg5 Nxe5 17.Bf4 f6 18.Qh5 g6 19.Bxe5 fxe5 20.Qxe5 Qxe5 21.Rxe5 Rad8 22.Bc4 Bd5
23.Bxd5 Rxd5 24.Rxd5 exd5 25.Rd1 Rd8 26.Kf1 Kf7 27.Ke2 Ke6 28.c4 Rd7 29.cxd5+ Rxd5
30.Rc1 Ra5 31.Rc2 Kd5 32.Ke3 g5 33.Kd2 Kd4 34.Kc1 Rc5 35.Rxc5 Kxc5 36.Kc2 Kd4
37.Kd2 b5 38.Kc2 a5 39.Kd2 b4 40.Kc2 a4 41.Kd2 h5 42.f3 h4 43.g3 h3  0-1

[Event "HUN-chT1 9596"]
[Site "HUN"]
[Date "1996.??.??"]
[Round "13"]
[White "Galyas, Miklos"]
[Black "Cao Sang"]
[Result "1-0"]
[WhiteElo "2275"]
[BlackElo "2300"]

1.e4 c5 2.c3 Nf6 3.e5 Nd5 4.d4 cxd4 5.Nf3 Nc6 6.cxd4 d6 7.Bc4 e6 8.O-O Be7
9.Qe2 O-O 10.Nc3 dxe5 11.dxe5 Nxc3 12.bxc3 b6 13.Bd3 Bb7 14.Qe4 g6 15.Bh6 Re8
16.Rfd1 Qc7 17.Qf4 Rad8 18.h4 Rd5 19.Be4 Rxd1+ 20.Rxd1 Rd8 21.Rxd8+ Nxd8
22.Ng5 Bxe4 23.Nxe4 Nc6 24.Nd6 Nd8 25.Bg5 Bxg5 26.hxg5 Qxc3 27.Qf6 Qc7 28.Ne8 Qc1+
29.Kh2 Kf8 30.Nd6  1-0

[Event "HUN-chT1 9596"]
[Site "HUN"]
[Date "1996.??.??"]
[Round "13"]
[White "Palkovi, Jozsef"]
[Black "Varga, Peter"]
[Result "1/2-1/2"]
[WhiteElo "2420"]
[BlackElo "2440"]

1.e4 c5 2.c3 Nf6 3.e5 Nd5 4.Nf3 Nc6 5.d4 cxd4 6.cxd4 d6 7.Bc4 Nb6 8.Bb3 d5
9.h3 Bf5 10.Nc3 e6 11.O-O Be7 12.Qe2 a6 13.Be3 Na5 14.Nd2 Qd7 15.Rac1 Rc8  1/2-1/2

[Event "HUN-chT1 9697"]
[Site "Hungary"]
[Date "1996.??.??"]
[Round "2"]
[White "Rovid, Kalman"]
[Black "Varga, Peter"]
[Result "1/2-1/2"]
[WhiteElo "2375"]
[BlackElo "2420"]

1.e4 c5 2.c3 Nf6 3.e5 Nd5 4.d4 cxd4 5.Nf3 Nc6 6.cxd4 d6 7.Bc4 Nb6 8.Bb5 dxe5
9.Nxe5 Bd7 10.Bxc6 Bxc6 11.Nxc6 bxc6 12.O-O g6 13.Re1 Bg7 14.Bg5 Nc8 15.Nc3 Rb8
16.Qf3 O-O 17.b3 Qxd4  1/2-1/2

[Event "HUN-chT1 9697"]
[Site "Hungary"]
[Date "1996.??.??"]
[Round "6"]
[White "Tamas, Norbert"]
[Black "Tornai, Imre"]
[Result "1/2-1/2"]
[WhiteElo "2155"]
[BlackElo "2205"]

1.e4 c5 2.c3 Nf6 3.e5 Nd5 4.d4 cxd4 5.cxd4 Nc6 6.Nf3 d6 7.Be2 g6 8.Nc3 dxe5
9.Nxd5 Qxd5 10.dxe5 Qxd1+ 11.Bxd1 Bg7 12.Bf4 h6 13.h4 g5 14.Bg3 Be6 15.O-O O-O
16.Bc2 Bd5 17.Rfe1 Rfd8 18.Be4  1/2-1/2

[Event "Imperia op"]
[Site "Imperia"]
[Date "1996.??.??"]
[Round "7"]
[White "Murgia, Andrea"]
[Black "Bozzali, Ermanno"]
[Result "1-0"]
[WhiteElo "2175"]
[BlackElo "2195"]

1.e4 c5 2.c3 Nf6 3.e5 Nd5 4.d4 cxd4 5.Nf3 Nc6 6.cxd4 d6 7.Be2 g6 8.exd6 Qxd6
9.O-O Bg7 10.Nc3 O-O 11.Nxd5 Qxd5 12.Be3 Rd8 13.Qa4 Bd7 14.Qa3 Be6 15.Rfd1 h6
16.b3 b5 17.Rac1 Qd6 18.Rc5 Bd5 19.Qc1 a6 20.h3 g5 21.g4 Qf6 22.Ne5 Nxe5
23.dxe5 Qxe5 24.Bf3 Bxf3 25.Rxd8+ Rxd8 26.Rxe5 Bxe5 27.Bd2 Bf4 28.Qc3 Rxd2
29.Qxf3 Rxa2 30.Qb7 e6 31.Qc8+ Kg7 32.Qc3+ e5 33.Kg2 a5 34.Qc5 b4 35.Kf3 Ra1
36.Ke4 Re1+ 37.Kf5 e4 38.Qd4+ Kg8 39.Kf6 e3 40.Qd8+ Kh7 41.Kxf7  1-0

[Event "IRL-ch"]
[Site "Irland"]
[Date "1996.??.??"]
[Round "2"]
[White "O'Shaughnessy, Conor"]
[Black "O'Connell, Gerard"]
[Result "1/2-1/2"]
[WhiteElo "2240"]
[BlackElo "2145"]

1.e4 c5 2.c3 Nf6 3.e5 Nd5 4.d4 cxd4 5.Nf3 d6 6.Bc4 Nb6 7.Bb3 Nc6 8.exd6 Qxd6
9.O-O Be6 10.Na3 Bxb3 11.Qxb3 e6 12.Nb5 Qd7 13.Nxa7 Rxa7 14.Qxb6 dxc3 15.Bf4 Be7
16.Rfd1 Qc8 17.bxc3 O-O 18.Bd6 Ra6 19.Qc5 Bxd6 20.Rxd6 Rd8 21.Rxd8+ Qxd8
22.g3 h6 23.Qb5 Rb6 24.Qe2 Qc7 25.Rd1 Ra6 26.Rd2 Ra3  1/2-1/2

[Event "IRL-ch"]
[Site "Irland"]
[Date "1996.??.??"]
[Round "6"]
[White "Brady, Stephen"]
[Black "Daly, Colm"]
[Result "0-1"]
[WhiteElo "2305"]
[BlackElo "2285"]

1.e4 c5 2.c3 Nf6 3.e5 Nd5 4.d4 cxd4 5.Nf3 Nc6 6.Bc4 Nb6 7.Bb3 d5 8.exd6 Qxd6
9.O-O Be6 10.Na3 dxc3 11.Nb5 Qxd1 12.Rxd1 Rc8 13.Bxe6 fxe6 14.bxc3 h6 15.Be3 Nd5
16.Bxa7 g5 17.Bd4 Nxd4 18.Nfxd4 Kf7 19.Rd3 Bg7 20.Nxe6 Kxe6 21.Re1+ Be5 22.g3 g4
23.f4 gxf3 24.Nd4+ Kf6 25.Rxf3+ Bf4 26.gxf4 Rxc3 27.Re6+ Kf7 28.Rxc3 Nxc3
29.Rb6 Ra8 30.Nf5 Rxa2 31.Nxh6+ Kf8 32.f5 Ra6 33.Rxa6 bxa6 34.Kf1 a5 35.Ke1 a4
36.Kd2 Ne4+ 37.Kc2 Nf6 38.h3 Kg7 39.Ng4 Nxg4 40.hxg4 Kh6  0-1

[Event "Ischia"]
[Site "Ischia"]
[Date "1996.??.??"]
[Round "3"]
[White "Godena, Michele"]
[Black "Gofshtein, Leonid D"]
[Result "1/2-1/2"]
[WhiteElo "2485"]
[BlackElo "2540"]

1.e4 c5 2.c3 Nf6 3.e5 Nd5 4.Nf3 e6 5.d4 cxd4 6.cxd4 b6 7.Bd3 Ba6 8.O-O Qc8
9.Bg5 h6 10.Bh4 Bxd3 11.Qxd3 Qa6 12.Qe4 Bb4 13.Rc1 Nc6 14.Nbd2 O-O 15.Nc4 Be7
16.Ne3 Bxh4 17.Nxd5 Bxf2+ 18.Kxf2 exd5 19.Qxd5 Nb4 20.Qc4 Qxc4 21.Rxc4 a5
22.Ke2 Rfc8 23.Rc3 Nd5 24.Rxc8+ Rxc8 25.Kd2 g5 26.Rc1 Rxc1 27.Kxc1 Kg7 28.Kd2 Kg6
29.g4 h5 30.gxh5+ Kxh5 31.Kd3 g4 32.Ng1 f5  1/2-1/2

[Event "ISR"]
[Site "Israel"]
[Date "1996.??.??"]
[Round "?"]
[White "Finkel, Alexander"]
[Black "Maryasin, Boris"]
[Result "1-0"]
[WhiteElo "2505"]
[BlackElo "2385"]

1.e4 c5 2.c3 Nf6 3.e5 Nd5 4.Nf3 Nc6 5.Bc4 Nb6 6.Bb3 g6 7.d4 cxd4 8.cxd4 Bg7
9.d5 Nxe5 10.Nxe5 Bxe5 11.Bh6 e6 12.Nc3 Qh4 13.Qd2 f6 14.dxe6 dxe6 15.O-O-O Bd7
16.g3 Qb4 17.f4 Bxc3 18.bxc3 Rc8 19.Kb1 Qxc3 20.Qxc3 Rxc3 21.Bg7 Rg8 22.Bxf6 Rc6
23.Rd4  1-0

[Event "ISR-chT"]
[Site "Israel"]
[Date "1996.??.??"]
[Round "5"]
[White "Finkel, Alexander"]
[Black "Zilberman, Yaacov"]
[Result "1/2-1/2"]
[WhiteElo "2500"]
[BlackElo "2485"]

1.e4 c5 2.c3 Nf6 3.e5 Nd5 4.Nf3 e6 5.g3 Nc6 6.Bg2 d6 7.exd6 Bxd6 8.d4 O-O
9.O-O h6 10.c4 Nf6 11.Nc3 a6 12.Re1 Bd7 13.d5 exd5 14.cxd5 Ne7 15.Nd2 Bg4
16.Qc2 Nf5 17.Nde4 Re8 18.Be3 Rc8 19.Nxf6+ Qxf6 20.Ne4 Qd8 21.h3 Bh5 22.Nxd6 Nxe3
23.Rxe3 Qxd6 24.Rae1 Rxe3 25.Rxe3 Bg6 26.Qe2 Kf8 27.h4 b5 28.a3 c4 29.Qg4 Rd8
30.h5 Bd3 31.Qd4 Bf5 32.Re5 Bg4 33.Qe3 f6 34.Re4 Bf5 35.Rf4 Re8 36.Qd4 Bd3
37.Be4 Bxe4 38.Rxe4 Rxe4 39.Qxe4 Qe5 40.Qf3 Kf7 41.Qd1 Ke7 42.a4 Kd6 43.Qg4 f5
44.Qg6+ Qf6 45.Qe8 Kc5 46.Qd7 f4 47.gxf4 bxa4 48.Qxa4 Kxd5 49.b3 cxb3 50.Qxb3+ Ke4
51.Qe3+ Kf5 52.Kg2 Qd6 53.Qh3+ Kf6 54.Qc3+ Kf7 55.Qc4+ Qe6 56.Qc7+ Kg8 57.Qd8+ Kh7
58.Qd3+ Kh8 59.Kg3 Qc8 60.Qd5 Qc3+ 61.f3 Qe1+ 62.Kg2 Qe8 63.Kg3 Qg8 64.Qc6 a5
65.Qb5 Qa8 66.Qa4 Qd8 67.Qb5 Qa8 68.Qa4 Kg8 69.Qc4+ Kf8 70.Qc5+ Kf7 71.Qc7+ Kf8
72.Qc5+  1/2-1/2

[Event "Jyvaskyla op2"]
[Site "Jyvaskyla"]
[Date "1996.??.??"]
[Round "2"]
[White "Laakso, Harri"]
[Black "Rytshagov, Mikhail"]
[Result "0-1"]
[WhiteElo "2200"]
[BlackElo "2495"]

1.e4 c5 2.c3 Nf6 3.e5 Nd5 4.d4 cxd4 5.cxd4 d6 6.Nf3 Nc6 7.exd6 Qxd6 8.Nc3 Bg4
9.Be2 e6 10.O-O Be7 11.h3 Bh5 12.Ne4 Qc7 13.a3 O-O 14.Ng3 Bg6 15.h4 h6 16.h5 Bh7
17.Bd3 Bxd3 18.Qxd3 Rad8 19.Re1 Nf6 20.Qc3 Qd6 21.Be3 Qd5 22.Ne5 Nxd4 23.Rad1 Qxe5
24.Bxd4 Qb5 25.Ne4 Nxe4 26.Rxe4 Bf6 27.Rde1 Rxd4 28.Rxd4 Qxh5 29.Qc4 Bxd4
30.Qxd4 Qa5 31.Re5 Qc7 32.Rc5 Qb6 33.b4 Rd8 34.Qe4 Rd1+ 35.Kh2 Qd8 36.g3 Rd5
37.Rc3 g6 38.Kg2 Kg7 39.a4 a6 40.Rc1 Qd6 41.Rb1 b5 42.axb5 axb5 43.Qe2 Qe5  0-1

[Event "Jyvaskyla op2"]
[Site "Jyvaskyla"]
[Date "1996.??.??"]
[Round "2"]
[White "Rausis, Igors"]
[Black "Paasikangas, Johanna"]
[Result "1-0"]
[WhiteElo "2490"]
[BlackElo "2200"]

1.e4 c5 2.c3 Nf6 3.e5 Nd5 4.d4 d6 5.Nf3 Nc6 6.exd6 exd6 7.Be2 Be7 8.O-O O-O
9.c4 Nb6 10.d5 Ne5 11.Nxe5 dxe5 12.Nc3 f5 13.f4 e4 14.Be3 a6 15.Qd2 Bd6 16.Kh1 Kh8
17.Rf2 Qe7 18.Rg1 Bd7 19.h3 Rf6 20.g3 Rh6 21.Rh2 Rg8 22.b3 Bc8 23.Rgg2 Bd7
24.Bd1 Na8 25.g4 fxg4 26.hxg4 Rxh2+ 27.Rxh2 g5 28.f5 Bxh2 29.Qxh2 Re8 30.Ne2 b5
31.Ng3 bxc4 32.bxc4 Rb8 33.Nh5 Rb6 34.Bxc5  1-0

[Event "Jyvaskyla op2"]
[Site "Jyvaskyla"]
[Date "1996.??.??"]
[Round "4"]
[White "Hartio, Ilkka"]
[Black "Wallace, John Paul"]
[Result "0-1"]
[WhiteElo "2170"]
[BlackElo "2370"]

1.e4 c5 2.c3 Nf6 3.e5 Nd5 4.d4 cxd4 5.cxd4 Nc6 6.Bc4 Nb6 7.Bb3 d5 8.Nc3 Bf5
9.a3 e6 10.Nge2 f6 11.f4 fxe5 12.fxe5 Qh4+ 13.g3 Qh5 14.O-O Be7 15.Nf4 Qxd1
16.Rxd1 a6 17.Kg2 Rc8 18.h3 Na5 19.Ba2 Kd7 20.g4 Bc2 21.Rd2 Nb3 22.Bxb3 Bxb3
23.Rf2 Rhf8 24.Nh5 Rxf2+ 25.Kxf2 Rf8+ 26.Kg3 Rf7 27.Kg2 Nc4 28.g5 Bd8 29.Ng3 b5
30.Nce2 Bb6 31.h4 Bd1 32.b4 Bxe2 33.Nxe2 Nxe5 34.Be3 Nc4 35.Bg1 Bc7 36.a4 Kc6
37.Nc3 Bd6 38.axb5+ axb5 39.Rb1 Ra7 40.Bf2 Ra3 41.Be1 Ne3+ 42.Kf2 Nf5 43.Rc1 Bf4
44.Rc2 Nxd4 45.Rb2 Bc1 46.Rb1 Bf4 47.Rb2 e5 48.Ne2 Be3+ 49.Kf1 Ra7 50.Nxd4+ Bxd4
51.Rc2+ Kd7 52.Bf2 Rc7 53.Ra2 Bxf2 54.Kxf2 Ke6 55.Ra6+ Kf5 56.Rb6 Kg4 57.Rxb5 Rd7
58.g6 hxg6 59.Rb6 Kf5 60.b5 d4 61.Rb8 d3 62.Ke1 Ke4 63.Kd2 Rc7 64.b6 Rc2+
65.Kd1 Rb2 66.b7 Ke3 67.Kc1 Rb5 68.Re8 d2+ 69.Kc2 Rc5+ 70.Kb2 d1=Q 71.b8=Q Qc1+
72.Kb3 Qc3+ 73.Ka2 Ra5+  0-1

[Event "Jyvaskyla op2"]
[Site "Jyvaskyla"]
[Date "1996.??.??"]
[Round "4"]
[White "Rausis, Igors"]
[Black "Yrjola, Jouni"]
[Result "1-0"]
[WhiteElo "2490"]
[BlackElo "2460"]

1.e4 c5 2.c3 Nf6 3.e5 Nd5 4.d4 cxd4 5.cxd4 e6 6.Nf3 d6 7.Bc4 Nc6 8.O-O Be7
9.exd6 Qxd6 10.Nc3 O-O 11.Re1 Nxc3 12.bxc3 b6 13.Ng5 Na5 14.Bd3 Bxg5 15.Bxg5 Bb7
16.Bf6 Qd5 17.Be4 Qxe4 18.Rxe4 Bxe4 19.Qg4 Bg6 20.Be7 Rfc8 21.Bb4 Nc4 22.h4 a5
23.Be7 Ra7 24.Bg5 h5 25.Qe2 Rd7 26.Kh2 Rd5 27.Be7 Rc6 28.Kg1 Kh7 29.Bc5 bxc5
30.Qxc4 Rcd6 31.dxc5 Rc6 32.Qa4 Rcxc5 33.Rc1 Bd3 34.c4 Rd4 35.Qa3 Rcxc4 36.Rxc4 Bxc4
37.Qxa5 Rxh4 38.Qg5  1-0

[Event "Jyvaskyla op2"]
[Site "Jyvaskyla"]
[Date "1996.??.??"]
[Round "8"]
[White "Karpatchev, Aleksandr"]
[Black "Agopov, Mikael"]
[Result "0-1"]
[WhiteElo "2390"]
[BlackElo "2230"]

1.e4 c5 2.c3 Nf6 3.e5 Nd5 4.Nf3 Nc6 5.d4 cxd4 6.cxd4 d6 7.Bc4 e6 8.Qe2 Be7
9.O-O O-O 10.Qe4 Nb6 11.Bd3 g6 12.Bh6 Re8 13.Nc3 dxe5 14.dxe5 Nb4 15.Bb5 Bd7
16.Qxb7 Bxb5 17.Nxb5 N6d5 18.Nd6 Bxd6 19.exd6 Qxd6 20.Qb5 Rec8 21.a3 Qa6
22.Qxa6 Nxa6 23.b4 Nac7 24.Rfb1 a5 25.b5 Nc3 26.b6 Nxb1 27.Rxb1 Rab8 28.b7 Rd8
29.Kf1 Nd5 30.Ne5 Nc3 31.Rc1 Rd1+ 32.Rxd1 Nxd1 33.Nd7 Rxb7 34.Nf6+ Kh8 35.Bd2 Rb3
36.a4 Nc3 37.g4 g5 38.Nd7 Nxa4 39.Bxa5 Kg7 40.Bc7 f6 41.Bd8 Rf3 42.Kg2 Rf4
43.Kg3 Nc3 44.f3 Ne2+  0-1

[Event "Jyvaskyla op2"]
[Site "Jyvaskyla"]
[Date "1996.??.??"]
[Round "9"]
[White "Maki, Veijo"]
[Black "Pirttimaki, Timo"]
[Result "1-0"]
[WhiteElo "2420"]
[BlackElo "2270"]

1.e4 c5 2.c3 Nf6 3.e5 Nd5 4.d4 e6 5.Nf3 cxd4 6.cxd4 b6 7.Nc3 Bb7 8.Bd3 Nxc3
9.bxc3 Qc7 10.O-O Qxc3 11.Be3 Na6 12.Rc1 Qa3 13.Ng5 Be7 14.Nxh7 Nb4 15.Bb1 Nxa2
16.Qg4 Nxc1 17.Rxc1 Bc6 18.Qxg7 O-O-O 19.Qxf7 Kb8 20.Nf6 Rdf8 21.Qg7 Bxf6
22.exf6 Rfg8 23.Rxc6 Rxg7 24.fxg7 Rg8 25.Bf4+ e5 26.Bxe5+ Kb7 27.Rc7+ Ka6
28.h4 Qe7 29.Bd3+ Ka5 30.Rxa7+ Kb4 31.Bf5 Rxg7 32.Bxg7 Qxg7 33.Rxd7 Qf6 34.g4 Qxh4
35.d5 Kc5 36.Be6 b5 37.Rc7+ Kd6 38.Rc6+ Ke5 39.Rb6 Kf4 40.Rxb5 Qh3 41.d6  1-0

[Event "Kilkenny op"]
[Site "Kilkenny"]
[Date "1996.??.??"]
[Round "2"]
[White "Brady, Stephen"]
[Black "Conquest, Stuart"]
[Result "0-1"]
[WhiteElo "2305"]
[BlackElo "2585"]

1.e4 c5 2.c3 Nf6 3.e5 Nd5 4.d4 cxd4 5.Nf3 e6 6.Bc4 Nb6 7.Bb3 d6 8.cxd4 dxe5
9.Nxe5 Nc6 10.Qf3 Bb4+ 11.Nc3 O-O 12.Nxc6 bxc6 13.O-O Qxd4 14.Rd1 Qe5 15.Be3 Nd5
16.Bd4 Qg5 17.Ne4 Qg6 18.Rac1 e5 19.Bxe5 Bg4 20.Rxc6 Bxf3 21.Rxg6 hxg6 22.gxf3 Nb6
23.Bd6 Bxd6 24.Rxd6 Rfd8 25.Rxg6 Rac8 26.Rg4 Kf8 27.Ng5 Nd5 28.Nh7+ Ke7 29.Re4+ Kd6
30.Ng5 Rc7 31.Rd4 Ke5 32.Rd1  0-1

[Event "JUG-ch sf"]
[Site "Kladovo"]
[Date "1996.??.??"]
[Round "?"]
[White "Karaklajic, Nikola"]
[Black "Pikula, Dejan"]
[Result "1-0"]
[WhiteElo "2400"]
[BlackElo "2455"]

1.e4 c5 2.c3 Nf6 3.e5 Nd5 4.Nf3 e6 5.d4 cxd4 6.cxd4 b6 7.Bd3 Ba6 8.O-O Be7
9.Nc3 Nxc3 10.bxc3 Bxd3 11.Qxd3 d5 12.exd6 Qxd6 13.Ba3 Qc7 14.Bxe7 Kxe7 15.d5 Qd6
16.Rad1 Qxd5 17.Qxd5 exd5 18.Rfe1+ Kd6 19.Ng5 Rf8 20.c4 Nc6 21.cxd5 Nb4 22.Re4 Nxa2
23.Rc4 Rac8 24.Ne4+ Kd7 25.Ra4 f5 26.Rxa7+ Rc7 27.Rxa2 fxe4 28.Rb2 Rf6 29.Kf1 Rc3
30.Ke2 Kc7 31.Rd4 Rd6 32.Rbd2 Rg6 33.Rxe4 Rxg2 34.d6+ Kd7 35.Re7+ Kd8 36.d7  1-0

[Event "JUG-ch sf"]
[Site "Kladovo"]
[Date "1996.??.??"]
[Round "?"]
[White "Certic, Branimir"]
[Black "Misailovic, Nebojsa"]
[Result "1-0"]
[WhiteElo "2440"]
[BlackElo "2405"]

1.e4 c5 2.c3 Nf6 3.e5 Nd5 4.Nf3 Nc6 5.Bc4 Nb6 6.Bb3 g6 7.d4 cxd4 8.Ng5 d5
9.exd6 e6 10.Qf3 Ne5 11.Qe4 Bxd6 12.cxd4 Nc6 13.Nc3 Be7 14.Nf3 Bf6 15.Be3 O-O
16.O-O Na5 17.Bc2 Bd7 18.Bh6 Bc6 19.Qg4 Bxf3 20.Qxf3 Bg7 21.Bxg7 Kxg7 22.Rad1 Rc8
23.Be4 Nbc4 24.b4 Nc6 25.d5 N6e5 26.Qg3 Qb6 27.dxe6 fxe6 28.a3 Rf6 29.Bb1 Rcf8
30.Ne4 Rf4 31.Nc5 Qc6 32.Rfe1 Rg4 33.Be4 Qe8 34.Qc3 Kh6 35.Qh3+ Kg7 36.Rd8 Qe7
37.Rxf8 Kxf8 38.Bxb7 h5 39.f3 Rh4 40.Qxe6 Qxe6 41.Nxe6+ Ke7 42.g3 Kxe6 43.gxh4 Kf5
44.a4 Nd6 45.Bd5 Kf4 46.Kg2 Nd3 47.Re6  1-0

[Event "Koszalin op"]
[Site "Koszalin"]
[Date "1996.??.??"]
[Round "6"]
[White "Shilov, Sergej"]
[Black "Sher, Miron N"]
[Result "1/2-1/2"]
[WhiteElo "2320"]
[BlackElo "2500"]

1.e4 c5 2.c3 Nf6 3.e5 Nd5 4.d4 cxd4 5.Nf3 Nc6 6.Bc4 Nb6 7.Bb3 g6 8.Ng5 d5
9.exd6 e6 10.Ne4 Bg7 11.Bg5 f6 12.Bh4 O-O 13.Qd2 h6 14.f4 Qd7 15.f5 gxf5
16.Ng3 Qxd6 17.O-O Kh8 18.Na3 Qd8  1/2-1/2

[Event "SLO-ch U20"]
[Site "Kranj"]
[Date "1996.??.??"]
[Round "1"]
[White "Spilak, Tomislav"]
[Black "Breznik, Kristijan"]
[Result "1/2-1/2"]
[WhiteElo "1845"]
[BlackElo "2105"]

1.e4 c5 2.c3 Nf6 3.e5 Nd5 4.Nf3 Nc6 5.Bc4 Nb6 6.Be2 g6 7.d4 cxd4 8.cxd4 Bg7
9.Nc3 O-O 10.O-O d6 11.Bf4 dxe5 12.dxe5 Qc7 13.Nb5 Qb8 14.Qc1 Nd5 15.Bg3 Nxe5
16.Qc5 Nf4 17.Rfe1 b6 18.Qxe7 Nxe2+ 19.Rxe2 Nxf3+ 20.gxf3 Qb7 21.Qxb7 Bxb7
22.Nc7 Rad8 23.f4 Rd7 24.Ne8 Bxb2 25.Rae1 Bc3 26.Rc1 Rd3 27.f5 Bc6 28.Nf6+ Kg7
29.Ne4 Bxe4 30.Rxe4 Bf6 31.fxg6 hxg6 32.Rc7 Ra8 33.Ra4 a5 34.Rb7 Rd1+ 35.Kg2 Rb1
36.Rc4 Rf8 37.Rc2 Rd1 38.Rc6 Rd2 39.a3 Re8 40.Rcxb6 Ree2 41.Rb3 g5 42.Rf3 Rd5
43.Rfb3 Ra2 44.h3 Kg6 45.R7b6 Kg7 46.Rb7 Rf5 47.Rd3 Kg6 48.Rb6 Kg7 49.Rb7 Kg6
50.Rb6  1/2-1/2

[Event "SLO-ch U18"]
[Site "Kranj"]
[Date "1996.??.??"]
[Round "2"]
[White "Volcansek, Robert"]
[Black "Soln, Primoz"]
[Result "1/2-1/2"]
[WhiteElo "1890"]
[BlackElo "2340"]

1.e4 c5 2.c3 Nf6 3.e5 Nd5 4.d4 cxd4 5.Nf3 b6 6.cxd4 e6 7.a3 Be7 8.Nc3 Nxc3
9.bxc3 Qc7 10.Qc2 Bb7 11.Bd3 d6 12.Bf4 Nd7 13.exd6 Bxd6 14.Bxd6 Qxd6 15.Be4 Bxe4
16.Qxe4 Rc8 17.Qb7 O-O 18.O-O Qc6 19.Qxc6 Rxc6 20.Rfc1 Rfc8 21.c4 Rxc4 22.Rxc4 Rxc4
23.Kf1 b5 24.Ke2 Nb6 25.Kd2 f6 26.Rb1 a6 27.Rb3 Kf7 28.Kd3 Na4 29.Nd2 Rc6
30.Ne4 h6 31.Nc3 Nxc3 32.Rxc3 Rxc3+ 33.Kxc3 a5 34.f4 Ke7 35.g3 Kd6 36.Kb3 Kd5
37.Kc3 Ke4 38.h3 Ke3 39.f5 b4+ 40.axb4 axb4+ 41.Kxb4 exf5 42.d5 Kf3  1/2-1/2

[Event "SLO-ch U18"]
[Site "Kranj"]
[Date "1996.??.??"]
[Round "9"]
[White "Pavlovic, Z."]
[Black "Beletic, Daniel"]
[Result "1/2-1/2"]
[WhiteElo "1910"]
[BlackElo "1900"]

1.e4 c5 2.c3 Nf6 3.e5 Nd5 4.d4 cxd4 5.Nf3 Nc6 6.Bc4 Nb6 7.Bb3 d3 8.Qxd3 e6
9.O-O d6 10.exd6 Qxd6 11.Qe2 Be7 12.Na3 a6 13.Be3 Qc7 14.Rad1 Bd7 15.Rd2 O-O-O
16.Rfd1 Rhg8 17.Bc4 g5 18.Bxa6 g4 19.Ne1 Nd5 20.Bc4 Ne5 21.Bxd5 exd5 22.g3 Nf3+
23.Nxf3 gxf3 24.Qf1 h5 25.Bf4 Qxf4 26.Rxd5 h4 27.R1d4 Qf6 28.Nc4 hxg3 29.fxg3 Bc6
30.Rxd8+ Rxd8 31.Rxd8+ Kxd8 32.Qd3+ Kc7 33.Qe3 Kb8 34.b4 Qe6 35.Qxe6 fxe6
36.Ne5 Be4 37.Kf2 Kc7 38.Nxf3 Bxf3 39.Kxf3 Kd6 40.Ke4 Bf6 41.c4 Bb2 42.a4 Bc3
43.b5 Kc5 44.Kd3 Bf6 45.a5 Bd8 46.a6 bxa6 47.bxa6 Kb6 48.Kd4 Bf6+ 49.Ke4 Kxa6
50.g4  1/2-1/2

[Event "Krasnodar op"]
[Site "Krasnodar"]
[Date "1996.??.??"]
[Round "6"]
[White "Zakharov, Alexander S"]
[Black "Ovsejevitsch, Sergei"]
[Result "0-1"]
[WhiteElo "2300"]
[BlackElo "2405"]

1.e4 c5 2.c3 Nf6 3.e5 Nd5 4.Nf3 Nc6 5.Bc4 Nb6 6.Bb3 c4 7.Bc2 d6 8.exd6 Qxd6
9.Na3 Bg4 10.Qe2 Qe6 11.b3 Qxe2+ 12.Kxe2 Ne5 13.Nxc4 Nbxc4 14.bxc4 Nxc4 15.Ba4+ Bd7
16.Bxd7+ Kxd7 17.d3 Nd6 18.Be3 g6 19.Ne5+ Ke6 20.f4 Bg7 21.Rab1 Rhc8 22.c4 Rab8
23.Nf3 b5 24.c5 Nf5 25.Bf2 Kd5 26.d4 e6 27.Rhd1 Ne7 28.Rd3 Kc6 29.Ra3 Nd5
30.Kd2 b4 31.Rxa7 Ra8 32.Rxf7 Rxa2+ 33.Ke1 Rc7 34.Rxc7+ Kxc7 35.Ng5 Kd7 36.g3 h6
37.Nf7 h5 38.Nd6 Kc6 39.Ne4 Kb5 40.Nd6+ Kc6 41.Kf1 Bf8 42.Nf7 Kb5 43.Ng5 Ra6
44.Ne4 Kc4 45.Ke2 Ra2+ 46.Kf3 b3 47.Be1 b2  0-1